Semillas en la economía campesina / (Registro nro. 17114)
[ vista simple ]
| 000 -CABECERA | |
|---|---|
| Campo de control | 00865 asaa2200241 4500 |
| 005 - FECHA Y HORA DE LA ULTIMA TRANSACCION | |
| Campo de control | 20151113150738.0 |
| 008 - ELEMENTOS DE LONGITUD FIJA—INFORMACION GENERAL | |
| Campo de control | 950407c19949999ck qr p r 0 0a0spa d |
| 022 ## - ISSN | |
| ISSN | 01220985 |
| 040 ## - FUENTE DE CATALOGACIÓN | |
| Agencia catalogadora original | CO-BoBLA |
| Agencia transcriptora | CO-BoBLA |
| Agencia Modificadora | CO-BoIAVH |
| 041 0# - IDIOMA | |
| Código de idioma para texto/pista de sonido o título separado | Español |
| 044 ## - PAÍS DE PUBLICACIÓN | |
| País de publicación | Colombia |
| 090 ## - CLASIFICACIÓN LOCAL | |
| Colección | SE |
| 245 10 - MENCION DE TITULO | |
| Título | Semillas en la economía campesina / |
| Mención de responsabilidad | Programa Semillas. |
| 260 ## - PUBLICACION, DISTRIBUCION, ETC. (PIE DE IMPRENTA) | |
| Nombre del editor, distribuidor, etc. | Programa semillas |
| Lugar de publicación, distribución, etc. | Colombia |
| Fecha de publicación, distribución, etc. | 1994-. |
| 300 ## - DESCRIPCION FISICA | |
| Otros detalles físicos | ilustraciones ; |
| Dimensiones | 27 cm. |
| 321 ## - FRECUENCIA ANTERIOR DELA PUBLICACIÓN | |
| Frecuencia anterior de la publicación | Otro |
| 650 #4 - ASIENTO SECUNDARIO DE MATERIA - TERMINO TEMATICO | |
| Término temático o nombre geográfico como elemento de entrada | Conservación de los recursos naturales |
| Subdivisión de forma | Publicaciones seriadas. |
| Subdivisión geográfica | Colombia |
| 9 (RLIN) | 41827 |
| 650 #4 - ASIENTO SECUNDARIO DE MATERIA - TERMINO TEMATICO | |
| Término temático o nombre geográfico como elemento de entrada | Política ambiental |
| Subdivisión de forma | Publicaciones seriadas. |
| Subdivisión geográfica | Colombia |
| 9 (RLIN) | 41828 |
| 650 #4 - ASIENTO SECUNDARIO DE MATERIA - TERMINO TEMATICO | |
| Término temático o nombre geográfico como elemento de entrada | Conservación de la naturaleza |
| Subdivisión de forma | Publicaciones seriadas. |
| Subdivisión geográfica | Colombia |
| 9 (RLIN) | 41829 |
| 651 #4 - ASIENTO SECUNDARIO DE MATERIA - NOMBRE GEOGRAFICO | |
| Nombre geográfico | Bogotá (Colombia) |
| Subdivisión de forma | Publicaciones seriadas. |
| 9 (RLIN) | 41830 |
| 710 ## - ASIENTO SECUNDARIO - NOMBRE CORPORATIVO | |
| Nombre corporativo o de jurisdicción como elemento de entrada | Programa Semillas : |
| 9 (RLIN) | 41798 |
| 942 ## - ELEMENTOS ADICIONALES (KOHA) | |
| Tipo de ítem | Periodica o revista |
| Sistema de clasificación | Local |
| Serial record | 1 |
| Withdrawn status | Lost status | Damaged status | No para préstamo | Colección | Fecha publicación (Año) | Número revista | Inventariado | Ubicación Permanente | Ubicación actual | Fecha de adquisición | Fuente de adquisición | Total Checkouts | Número topográfico | Inventario / Código de Barras | Date last seen | Ejemplar | Price effective from | Forma de adquisición | Tipo de material | Sistema de Clasificación | Datos de publicación Seriada |
|---|---|---|---|---|---|---|---|---|---|---|---|---|---|---|---|---|---|---|---|---|---|
| Hemeroteca | 1996 | 8 | Inventariado 2017 | Bogotá | Bogotá | 13/11/2015 | SE | 039372 | 13/11/2015 | Ej. 1 | 13/11/2015 | Periodica o revista | Local | Nro. 8 | |||||||
| Hemeroteca | 1997 | 9 | Inventariado 2017 | Bogotá | Bogotá | 13/11/2015 | SE | 039373 | 13/11/2015 | Ej. 1 | 13/11/2015 | Periodica o revista | Local | Nro. 9 | |||||||
| Hemeroteca | 1997 | Inventariado 2017 | Bogotá | Bogotá | 13/11/2015 | SE | 039375 | 13/11/2015 | Ej. 1 | 13/11/2015 | Periodica o revista | Local | Edición especial | ||||||||
| Hemeroteca | 1995 | 3 | Inventariado 2017 | Villa de Leyva | Villa de Leyva | 21/03/2001 | Baptiste, Luis Guillermo | SERIADAS 00970 | 009884 | 25/03/2015 | 1 | 25/03/2015 | Periodica o revista | ||||||||
| Hemeroteca | 1995 | 4 | Inventariado 2017 | Villa de Leyva | Villa de Leyva | 21/03/2001 | Baptiste, Luis Guillermo | SERIADAS 00970 | 009885 | 25/03/2015 | 1 | 25/03/2015 | Periodica o revista | ||||||||
| Hemeroteca | 1995 | 5 | Inventariado 2017 | Villa de Leyva | Villa de Leyva | 21/03/2001 | Baptiste, Luis Guillermo | SERIADAS 00970 | 009289 | 25/03/2015 | 3 | 25/03/2015 | Periodica o revista | ||||||||
| Hemeroteca | 1996 | 6 | Inventariado 2017 | Villa de Leyva | Villa de Leyva | 21/03/2001 | Baptiste, Luis Guillermo | SERIADAS 00970 | 009290 | 25/03/2015 | 1 | 25/03/2015 | Periodica o revista | ||||||||
| Hemeroteca | 1996 | 7 | Inventariado 2017 | Villa de Leyva | Villa de Leyva | 21/03/2001 | Baptiste, Luis Guillermo | SERIADAS 00970 | 009291 | 25/03/2015 | 1 | 25/03/2015 | Periodica o revista | ||||||||
| Hemeroteca | 1997 | 10 | Inventariado 2017 | Villa de Leyva | Villa de Leyva | 21/03/2001 | Baptiste, Luis Guillermo | SERIADAS 00970 | 009292 | 25/03/2015 | 1 | 25/03/2015 | Periodica o revista | ||||||||
| Hemeroteca | 1997 | 11 | Inventariado 2017 | Villa de Leyva | Villa de Leyva | 21/03/2001 | Baptiste, Luis Guillermo | SERIADAS 00970 | 009293 | 25/03/2015 | 1 | 25/03/2015 | Periodica o revista | ||||||||
| Hemeroteca | 1998 | 12 | Inventariado 2017 | Villa de Leyva | Villa de Leyva | 21/03/2001 | Baptiste, Luis Guillermo | SERIADAS 00970 | 009294 | 25/03/2015 | 1 | 25/03/2015 | Periodica o revista | ||||||||
| Hemeroteca | 1999 | 13 | Inventariado 2017 | Villa de Leyva | Villa de Leyva | 21/03/2001 | Baptiste, Luis Guillermo | SERIADAS 00970 | 009296 | 25/03/2015 | 2 | 25/03/2015 | Periodica o revista | ||||||||
| Hemeroteca | 2000 | 14 - 15 | Inventariado 2017 | Villa de Leyva | Villa de Leyva | 21/03/2001 | Baptiste, Luis Guillermo | SERIADAS 00970 | 009297 | 25/03/2015 | 1 | 25/03/2015 | Periodica o revista | ||||||||
| Hemeroteca | 2002 | 18 | Inventariado 2017 | Villa de Leyva | Villa de Leyva | 21/01/2003 | Desconocido | SERIADAS 00970 | 009288 | 25/03/2015 | 1 | 25/03/2015 | Periodica o revista | ||||||||
| Hemeroteca | 2004 | 21 | Inventariado 2017 | Villa de Leyva | Villa de Leyva | 25/08/2004 | SERIADAS 00970 | 016592 | 25/03/2015 | 1 | 25/03/2015 | Periodica o revista | |||||||||
| Hemeroteca | 2005 | 26-27 | Inventariado 2017 | Villa de Leyva | Villa de Leyva | 29/05/2007 | SERIADAS 00970 | 024421 | 25/03/2015 | 1 | 25/03/2015 | Periodica o revista | |||||||||
| Hemeroteca | 2006 | Inventariado 2017 | Villa de Leyva | Villa de Leyva | 23/08/2007 | SERIADAS 00970 | 025102 | 25/03/2015 | 1 | 25/03/2015 | Periodica o revista | ||||||||||
| Hemeroteca | 2004 | 22-23 | Inventariado 2017 | Villa de Leyva | Villa de Leyva | 19/12/2007 | SERIADAS 00970 | 025594 | 25/03/2015 | 1 | 25/03/2015 | Periodica o revista | |||||||||
| Hemeroteca | 2008 | 36-37 | Inventariado 2017 | Villa de Leyva | Villa de Leyva | 05/11/2008 | SERIADAS 00970 | 026546 | 25/03/2015 | 2 | 25/03/2015 | Periodica o revista | |||||||||
| Hemeroteca | 2007 | 2009 | 34-35 | 38-39 | Villa de Leyva | Villa de Leyva | SERIADAS 00970 | 027175 | 027367 | 25/03/2015 | 1 | 1 | 25/03/2015 | Periodica o revista |